| 000 | 00774nam a2200193 i 4500 | ||
|---|---|---|---|
| 001 | 38214 | ||
| 003 | ES-MaACL | ||
| 005 | 20251129063049.0 | ||
| 007 | t| | ||
| 008 | 030224s1895 sp |||| | spa d | ||
| 100 | 1 |
_aCalatraveño y Valladares, Fernando, _d1851-1916 _9126284 |
|
| 245 | 1 | 0 |
_aVentajas que reporta el velocipedismo bajo el punto de vista higiénico _b: enfermedades que pueden derivarse del uso inmoderado de esta clase de sport : edades en que conviene tal gimnasia / _cDr. Calatraveño. |
| 260 |
_aVitoria : _b[s.n.], _c1895 ( _fImp. Domingo Sar) |
||
| 300 |
_a26 p. ; _c22 cm. |
||
| 650 | 4 |
_aCiclismo. _9151744 |
|
| 650 | 4 |
_aVelocípedos. _9170619 |
|
| 852 |
_aES-MaACL _jT-854-F-4 _z. - Dedicatoria autógrafa del autor |
||
| 999 |
_c38214 _d38214 |
||